La Prueba documental (Registro nro. 161197)
[ vista simple ]
| 000 -LEADER | |
|---|---|
| fixed length control field | 01745cam a2200373 a 4500 |
| 007 - PHYSICAL DESCRIPTION FIXED FIELD--GENERAL INFORMATION | |
| fixed length control field | cr|||| |||| |
| 008 - FIXED-LENGTH DATA ELEMENTS--GENERAL INFORMATION | |
| fixed length control field | 100629s2010 spc|||| |||| 0|0 0 spa |
| 017 ## - | |
| -- | DL B. 3809-2010 |
| -- | Biblioteca de Catalunya |
| 020 ## - INTERNATIONAL STANDARD BOOK NUMBER | |
| International Standard Book Number | 9788476988947 |
| 035 ## - | |
| -- | 4950 |
| 040 ## - CATALOGING SOURCE | |
| Original cataloging agency | ES-BaBC |
| Language of cataloging | cat |
| Transcribing agency | ES-BaBC |
| Modifying agency | vLex |
| 043 ## - | |
| -- | e-sp--- |
| 080 ## - | |
| -- | 347.94(460) |
| 090 ## - | |
| -- | 2777 |
| -- | 2777 |
| 245 03 - TITLE STATEMENT | |
| Title | La Prueba documental |
| Medium | [Recurso electrónico] / |
| Statement of responsibility, etc | Xavier Abel Lluch, Joan Picó i Junoy (directores) ; Núria Ginés Castellet (coord.) ; Ramon Arbós i Llobet ... [et al.] |
| 256 ## - | |
| -- | Servicio en línea |
| 260 ## - PUBLICATION, DISTRIBUTION, ETC. (IMPRINT) | |
| Place of publication, distribution, etc | Barcelona : |
| Name of publisher, distributor, etc | ESADE : |
| -- | Bosch, |
| Date of publication, distribution, etc | 2010 |
| 300 ## - PHYSICAL DESCRIPTION | |
| Extent | 1 recurso electrónico |
| 490 1# - SERIES STATEMENT | |
| Series statement | Colección de formación continua Facultad de Derecho ESADE ; |
| Volume number/sequential designation | 4. |
| Series statement | Serie Estudios prácticos sobre los medios de prueba |
| 506 1# - RESTRICTIONS ON ACCESS NOTE | |
| Terms governing access | Contenido solo disponible en los productos indicados |
| Authorized users | vLex Global |
| -- | vLex Global (Academic Edition, excluding Law Schools) |
| -- | vLex Global (U.S. Academic Edition, Law Schools) |
| -- | vLex Global (U.S. Academic Edition, excluding Law Schools) |
| -- | vLex Global (Academic Edition, Law Schools) |
| 650 04 - SUBJECT ADDED ENTRY--TOPICAL TERM | |
| Topical term or geographic name as entry element | Prueba (Derecho) |
| Geographic subdivision | España |
| 650 04 - SUBJECT ADDED ENTRY--TOPICAL TERM | |
| Topical term or geographic name as entry element | Procedimento civil |
| Geographic subdivision | España |
| 650 04 - SUBJECT ADDED ENTRY--TOPICAL TERM | |
| Topical term or geographic name as entry element | Derecho Civil |
| Geographic subdivision | España |
| 650 04 - SUBJECT ADDED ENTRY--TOPICAL TERM | |
| Topical term or geographic name as entry element | Derecho penal |
| Geographic subdivision | España |
| 700 1# - ADDED ENTRY--PERSONAL NAME | |
| Personal name | Abel Lluch, Xavier, |
| Relator term | dir. |
| 700 1# - ADDED ENTRY--PERSONAL NAME | |
| Personal name | Picó i Junoy, Joan,, |
| Relator term | dir. |
| 700 1# - ADDED ENTRY--PERSONAL NAME | |
| Personal name | Ginés Castellet, Núria, |
| Relator term | coord. |
| 700 1# - ADDED ENTRY--PERSONAL NAME | |
| Personal name | Arbós i Llobet, Ramon |
| 740 0# - | |
| -- | vLex Libros (Servicio en línea) |
| 830 #0 - | |
| -- | Colección de Formación continua. |
| -- | Facultad de Derecho ESADE. |
| -- | Estudios prácticos sobre los medios de prueba ; |
| -- | 4 |
| 856 40 - LOCALIZACIÓN Y ACCESO ELECTRÓNICO | |
| Identificador Uniforme del Recurso (URI/URL) | https://app.vlex.com/#/sources/prueba-pericial-3346 |
| 942 ## - | |
| -- | RAA |
| 999 ## - | |
| -- | 161197 |
| -- | 161197 |
No hay ítems disponibles.